000 00335pab a2200145 454500
008 180718b1986 xxu||||| |||| 00| 0 eng d
100 _aSiddiqui, M.S.
245 _aSound investment, better growth
260 _c1986
300 _a26-7
362 _a16 Feb.
650 _aFinance, Public - Policy
773 _aYojana
909 _a8516
999 _c8516
_d8516